000 00629nam a2200229Ia 4500
003 OSt
005 20220928110119.0
006 a|||||r|||| 00| 0
007 ta
008 220927b |||||||| |||| 00| 0 eng d
024 _a49508
037 _cTextual
040 _aSDCL
_cSDCL
_beng
041 _2eng
_aeng
082 _aO152,2N:g, M7
100 _aKathuria Sunder Lal
_9418166
245 0 _aPrasadottar Hindi natak aaswad ke dharatal.
260 _aDelhi
_bPandhulipi Prakashan
_c1987
300 _a432p.
_ccm.
942 _hO152,2N:g, M7
_cTEXL
_2CC
999 _c734182
_d734182